000 00235nam a22000977a 4500
008 170112b xxu||||| |||| 00| 0 eng d
041 _aeng
080 _27TH
_a618.2
245 _aLABORATORY AND DIAGNOSTIC TESTS
_cKEE, J.L
942 _2udc
_cBK
999 _c2748
_d2748